Письмо барона О. П. Корф Шиллингу М. Ф.

Доступно только в Электронных читальных залах Найти на картеНа карте
RUSMARC
00003782nac2a22002653x 450
0010fbcb8e6-9a65-4c81-bc9b-9f69f56e7c20
00520211214190613.0
100##$a20211122l1817 k y0rusy50 ca
1010#$arus
102##$aRU
105##$ay z |||||
1222#$ad18171231
$ad19171231
2001#$aПисьмо барона О. П. Корф Шиллингу М. Ф.
$j[19--]
215##$a1 лист
251##$cДело
300##$aНа папке дела: Без даты
300##$aРукописный и типографский текст
330##$aВходит в раздел описи: Переписка
461#0$1001ff9fc58f-089b-437b-980d-902343bc59d8
$12001
$aШиллинг Маврикий Фабианович, барон, секретарь русского посольства в Вене
$1251
$cФонд
$1852
$j813
462#0$1001665c067c-d934-4316-b9df-5bf0ad49190b
$12001
$aДела постоянного хранения. 1817-1917
$vД. 556
$1251
$cОпись
$1852
$j1
600#1$aШиллинг
$bМ. Ф.
$cбарон
$gМаврикий Фабианович
600#1$aКорф
$bО. П.
$cбарон
801#0$aRU
$bGA_RF
801#1$aRU
$bГлавНИВЦ
$c20211122
$2rusmarc
801#2$aRU
$bПБ им. Б.Н. Ельцина
$c20211214
$gRCR
$2rusmarc
852##$aГА РФ
$j556
937##$d171604741
$hГАРФ
035##$aRuPRLIB51061424
856##$uhttp://readingroom.main.prlib.ru/item.aspx?id_node=n171604741&mode=full
Формат отображения